1770 1774 1242 1974 1378 1558 1304 1188 1502 1480 1576 1101 1696 1525 1009 1349 1915 1680 1756 1387 1383 1925 1907 1110 1457 1408 1890 1210 1303 1188 1539 1093 1660 1610 1426 1550 1942 1495 1588 1257 1195 1078 1174 1670 1022 1791 1395 1015 1657 1471 1622 1891 1496 1413 1992 1129 1335 1271 1496 1989 1799 1080 1664 1249 1721 1402 1742 1908 1680 1321 1991 1857 1658 1837 1068 1673 1604 1060 1849 1588 1029 1913 1284 1008 1140 1634 1781 1457 1619 1594 1118 1554 1018 1991 1925 1436 1570 1725 1167 BCNSPRNW ULIB Ver.6.0+V

เปลี่ยนเป็นภาษาไทย

Change to English
 แสดงรายละเอียดบรรณานุกรม
  กลับหน้าหลัก

Brief Record : Get Marc (ISO 2709) : E-mail record : QR code < ปิดหน้าต่าง
LEADER : 00000nam 2200000uu 4500
001    13399122404
003     ULIB
008    130328s2539||||th 000 0 tha d
020    9746345184
099    วพ.W3^bจ285ก
100 0  จันทิมา ชัยมงคล
245 00 การวิเคราะห์ต้นทุนการผลิตแพทย์ในระดับปรีคลินิกของคณะแพทย์ศาสตร์ จุฬาลงกรณ์มหาวิทยาลัย^cจันทิมา ชัยมงคล
260    กรุงเทพฯ:^bวิทยานิพนธ์ วิทยาศาสตรมหาบัณฑิต ภาควิชาเวชศาสตร์ป้องกันและสังคม จุฬาลงกรณ์มหาวิทยาลัย,^c2539
300    117 หน้า
502    การผลิตแพทย์จะต้องมีการลงทุนที่สูง จึงมีความจำเป็นต้องมีการศึกษาต้นทุนในการผลิตบัณฑิตแพทย์ เพื่อประเมินศักยภาพและความต้องการของคณะแพทยศาสตร์ ในการวางแผนการผลิตเพิ่ม เพื่อรองรับความต้องการของประเทศในอนาคต ดังนั้นการศึกษานี้มีวัตถุประสงค์เพื่อศึกษาต้นทุนของการผลิตบัณฑิตแพทย์โครงการปกติ ในระดับปรีคลีนิก ของคณะแพทยศาสตร์ จุฬาลงกร์มหาวิทยาลัยในปีงบประมาณ 2537 ในมุมมองของผู้ผลิตหรือผู้ให้บริการการศึกษา โดยรวบรวมข้อมูลจากแหล่งทุติยภูมิที่ปรากฎหลักฐานที่แผนกบัญชีของคณะแพทยศาสตร์ทั้งนี้ได้มีการแบ่งหน่วยงานของคณะ ออกเป็น 4 หน่วยต้นทุนได้แก่ หน่วยงานบริการการศึกษา หน่วยงานสนับสนุนการศึกษาหน่วยงานวิชาการและหลักสูตรต่าง ๆ เมื่อได้ข้อมูลแล้วนำมาวิเคราะห์โดยใช้เกณฑ์การกระจายข้อมูลแบบ Simultaneous equation method ผลการศึกษาพบว่าในการผลิตนิสิตแพทย์ระยะปรีคลีนิก ใช้ต้นทุนรวมตลอดระยะเวลา 3 ปีเป็นจำนวนเงิน 76,104,862.70 บาท คิดเป็นร้อยละ 29.5ของ การลงทุนของคณะแพทยศาสตร์แบ่งเป็นการลงทุนให้กับภายในคณะ67,356,519.69 บาท(88.5%) และลงทุนภายนอกคณะ 8,748,343.00 บาท(11.5%) โดยส่วนของต้นทุนภายในคณะเป็นต้นทุนค่าแรง 47,248,984.25 บาท(70.1%) ค่าลงทุน 11,162,196.06 บาท(16.6%) และค่าวัสดุ 8,942,769.90 บาท(13.3%) เมื่อแยกตามชั้นปีของระยะปรีคลีนิกแล้วพบว่าอัตราส่วนการลงทุนของชั้นปีที่ 1 10,393,103.40 บาท(13.7%) ชั้นปีที่ 2 27,550,049.60 บาท(36.2% บาท) และชั้นปีที่ 3 38,161,709.65 บาท (50.1%) โดยมีต้นทุนต่อหัวนิสิตตลอดระยะเวลา 3 ปี คิดเป็น 196,146.55 บาท/คน/ปี แยกตามชั้นปีที่ศึกษษพบว่ามีต้นทุนต่อหัวนิสิตชั้นปีที่ 1 คิดเป็น 71,67.57 บาท/คน/ปี ชั้นปีที่ 2 คิดเป็น 192,657.69 บาท/คน/ปี และชั้นปีที่ 3 คิดเป็น381,617.10 บาท/คน/ปี ชั้นปีที่ 2 คิดเป็น 192,657.69 บาท/คน/ปี และชั้นปีที่ 3 คิดเป็น 71,676.57 บาท/คน/ปี ชั้นปีที่ 2 คิดเป็น 192,657.69บาท/คน/ปี และชั้นปีที่ 3 คิดเป็น 381,617.10 บาท/คน/ปี เมื่อนำต้นทุนมาปรับด้วยอัตราการสูญเปล่าทางการศึกษา พบว่าต้นทุนที่ใช้ในการผลิตนิสิตแพทย์จะเพิ่มขึ้นร้อยละ 4.14 ข้อมูลจากการศึกษานี้จะเป็นข้อมูลสำหรับฝ่ายบริหารในการวางแผนเพื่อผลิตแพทย์เพิ่มต่อไปในอนาคต
650  4 การวิเคราะห์ต้นทุน^xวิทยานิพนธ์
650  4 การผลิตแพทย์^xวิทยานิพนธ์
945    ^p0^l0^i033631
999    ^aเกษร โพธิ์สุวรรณ
รายการนี้ยังไม่มีแท็ก
คุณยังไม่ได้ล็อกอิน คุณสามารถมีกิจกรรมร่วมกับเว็บไซต์ได้ แต่ต้องล็อกอินก่อน ::
  ล็อกอิน

รายการสื่อสารสนเทศ

ลำดับที่ ประเภท เลขเรียก/บาร์โค้ด สถานที่ สถานะ
1. วิทยานิพนธ์
วิทยานิพนธ์
วพ.W3 จ285ก  
  Barcode: 033631
ห้องสมุดวิทยาเขตสวรรค์ประชารักษ์
►วิจัย
บนชั้น

BibComment


ยังไม่เคยถูกคอมเมนท์

คอมเมนท์ทรัพยากรรายการนี้
  คอมเมนท์: การวิเคราะห์ต้นทุ..


 Copyright 2026. Bcnsprnw @Library